000 00964cam a2200265 a 4500
001 000008102
005 20200929154432.0
008 960228s1996 flu b 000 j spa
020 _a0897297903
040 _aDO-SdBNP
_cDLC
_dDLC
082 _aCu863.44
_bA786n
245 0 3 _aEl arte narrativo de Hilda Perera :
_bde Cuentos de Apolo a La noche de Ina /
_cLuis A. Jiménez y Ellen Lismore Leeder, editores, prólogo de Alicia Aldaya.
260 _aMiami, Florida :
_bUniversal,
_c1996.
300 _a180 p. ;
_c22 cm.
490 1 _aCaniquí
504 _aIncluye referencias bibliográficas
600 1 4 _aPERERA, HILDA,
_d1926-
_xCRÍTICA E INTERPRETACIÓN
_922004
650 4 _aCuentos cubanos
_91482
650 4 _aLiteratura cubana
_91483
700 1 _aJiménez, Luis A.,
_eed.
_98901
700 1 _aLeeder, Ellen Lismore,
_d1931-
_eed.
_922005
700 1 _aAldaya, Alicia,
_eprol.
_922006
830 0 _aCaniquí.
_922007
910 _aCatalogación por copia / LC
999 _c7879
_d7879